Xing Nhã Đăm Di

Giới thiệu trường ca Xing Nhã và trường ca Đăm Di

Gardado en:
Detalles Bibliográficos
Formato: Libro
Idioma:Undetermined
Publicado: Hà Nội Hội nhà văn 2018
Những chủ đề:
Các nhãn: Engadir etiqueta
Sen Etiquetas, Sexa o primeiro en etiquetar este rexistro!
Thư viện lưu trữ: Trung tâm Học liệu Trường Đại học Cần Thơ
LEADER 00635nam a2200193Ia 4500
001 CTU_229834
008 210402s9999 xx 000 0 und d
082 |a 895.9221009 
082 |b X311 
245 0 |a Xing Nhã Đăm Di 
245 0 |c Y Điêng ... [et al.] 
260 |a Hà Nội 
260 |b Hội nhà văn 
260 |c 2018 
520 |a Giới thiệu trường ca Xing Nhã và trường ca Đăm Di 
650 |a Thơ Việt Nam,Vietnamese poetry 
650 |x Lịch sử và phê bình,History and criticism 
910 |b nthai 
980 |a Trung tâm Học liệu Trường Đại học Cần Thơ